00811nam a2200289 i 4500001000300000100002500003245006600028250001400094260006500108300003300173490001700206500001400223650003500237655001800272655002400290830001700314020001800331020001500349040000800364041000800372044000800380080001900388942000700407008004100414999001700455952004900472bg1 aWatcyn-Jones, Peter.10aTest your vocabulary 5 /cPeter Watcyn-Jones and Mark Farrell a4th impr. aHarlow, England:bPearson Education :bPenguin Books,c2006. aIV, 108 s. :brys. ;c24 cm.1 aTest Your... aAdvanced. 9aJęzyk angielskixsłownictwo aPodręczniki aSprawdziany i testy aTest Your... a9780582451704 a0582451701 cBPK0 aeng aGBR a811.111'37(07) cKS s pl f |000 0 pol  c54449d54449 00104070aBPKbBPKcwo85844p02406718yKS